|
|
|
|
| LEADER |
00000cam a2200000 a 4500 |
| 001 |
vtls011716039 |
| 003 |
SK-MaSNL |
| 005 |
20260302020540.0 |
| 008 |
240318s2017 xo odabc pf 000 0 slo |
| 015 |
|
|
|a SNBA2017/11
|
| 020 |
|
|
|a 9788081204869
|q (brož.)
|
| 035 |
|
|
|a urn:nbn:sk:snk-am00d5v6
|
| 035 |
|
|
|a urn:nbn:sk:snk-am3hqpv
|
| 035 |
|
|
|a 63CFF42D-70C9-41B1-A1BA-8017D009B045
|
| 040 |
|
|
|a SNK
|b slo
|c SNK
|e AACR2
|
| 041 |
0 |
|
|a slo
|
| 043 |
|
|
|a f------
|a a------
|
| 044 |
|
|
|a xo
|c SK
|
| 072 |
|
7 |
|a 91
|x Geografia ako veda. Výskum. Cestovanie
|2 konspekt
|
| 080 |
|
|
|a 91
|2 2011
|
| 080 |
|
|
|a (6)
|2 2011
|
| 080 |
|
|
|a (5)
|2 2011
|
| 080 |
|
|
|a (075.2)
|2 2011
|
| 080 |
|
|
|a (075.3)
|2 2011
|
| 080 |
|
|
|a (076.1)
|2 2011
|
| 080 |
|
|
|a (072)
|2 2011
|
| 100 |
1 |
|
|a Bubelíny, Patrik
|4 aut
|9 170768
|
| 245 |
1 |
0 |
|a Geografia 6
|b pracovný zošit pre 6. ročník ZŠ a 1. ročník GOŠ : [zošit pre učiteľa]
|c Patrik Bubelíny ; [mapy Ľuboš Balážovič ; ilustrácie Viktor Csiba, Shutterstock, Thinkstockphotos ; fotografie Shutterstock, Thinkstockphotos]
|
| 260 |
|
|
|a Bratislava
|b Orbis Pictus Istropolitana
|c 2017
|
| 300 |
|
|
|a 88 s.
|b fotogr., grafy, ilustr., mp.
|c 24 cm
|
| 650 |
0 |
7 |
|a geografia
|2 SNKPH
|9 823
|
| 650 |
0 |
7 |
|a Geography
|2 SNKPHeng
|9 265075
|
| 651 |
|
7 |
|a Afrika
|2 SNKPH
|9 17012
|
| 651 |
|
7 |
|a Ázia
|2 SNKPH
|9 28709
|
| 651 |
|
7 |
|a Africa
|2 SNKPHeng
|9 305523
|
| 651 |
|
7 |
|a Asia
|2 SNKPHeng
|9 267356
|
| 655 |
|
7 |
|a učebnice základných škôl
|2 SNKPH
|9 70187
|
| 655 |
|
7 |
|a učebnice stredných škôl
|2 SNKPH
|9 69323
|
| 655 |
|
7 |
|a pracovné zošity
|2 SNKPH
|9 70188
|
| 655 |
|
7 |
|a metodické príručky
|2 SNKPH
|9 70250
|
| 655 |
|
7 |
|a Textbooks (elementary)
|2 SNKPH
|9 276977
|
| 655 |
|
7 |
|a Secondary school textbooks
|2 SNKPHeng
|9 135487
|
| 655 |
|
7 |
|a Activity books
|2 SNKPHeng
|9 302885
|
| 655 |
|
7 |
|a Methodological manuals
|2 SNKPHeng
|9 270866
|
| 700 |
1 |
|
|a Balážovič, Ľuboš,
|d 1982-
|4 ctg
|9 200448
|
| 700 |
1 |
|
|a Csiba, Viktor
|4 ill
|9 213396
|
| 710 |
2 |
|
|a Shutterstock (firma)
|4 ill
|4 pht
|9 170229
|
| 710 |
2 |
|
|a Thinkstockphotos
|4 ill
|4 pht
|9 350640
|
| 852 |
|
|
|a Štátna vedecká knižnica v Banskej Bystrici
|
| 919 |
|
|
|a 978-80-8120-486-9
|
| 999 |
|
|
|c 1025560
|d 1027490
|
| 952 |
|
|
|a SNK
|b SNK
|y PREZ
|7 0
|p 17A1274011
|o snkSC 176604
|i snk2017/23172
|8 0
|0 0
|1 0
|4 0
|d 2017-10-20
|f 1
|l 0
|r 2025-09-18 00:00:00
|w 2026-02-24
|
| 952 |
|
|
|a SNK
|b SNK
|y VYP
|7 0
|p 17A1274012
|o snkSC 176604 D1
|i snk2017/23173
|8 0
|0 0
|1 0
|4 0
|d 2017-10-20
|l 0
|r 2026-02-24 13:37:31
|w 2026-02-24
|